[Event "Champions Challenge 215th"]
[Site "Playchess.com INT"]
[Date "2007.09.08"]
[Round "1.1"]
[White "Gaertner, Guntram"]
[Black "Raznikov, Danny"]
[Result "1-0"]
[WhiteElo "2310"]
[BlackElo "2162"]
[PlyCount "73"]
[EventDate "2007.09.08"]
[EventType "k.o. (blitz)"]
[EventRounds "4"]
[EventCountry "GER"]
[SourceTitle "EXT 2010"]
[Source "ChessBase"]
[SourceDate "2010.11.25"]
[SourceVersion "1"]
[SourceVersionDate "2010.11.25"]
[SourceQuality "1"]

1. e4 c5 2. Nf3 d6 3. d4 cxd4 4. Nxd4 Nf6 5. Nc3 a6 6. Be3 e5 7. Nb3 Be6 8. f3 Nbd7 9. Qd2 b5 10. 0-0-0 Nb6 11. Qf2 Nc4 12. Bxc4 bxc4 13. Na5 Rc8 14. Bb6 Qd7 15. Rd2 Be7 16. Rhd1 0-0 17. h3 Nh5 18. g3 f5 19. exf5 Bf7 20. f4 exf4 21. g4 Nf6 22. Qxf4 h6 23. Kb1 Ne8 24. Re2 Bg5 25. Qf2 Nc7 26. Nb7 Ne8 27. Nc5 Qc6 28. Ne6 Bxe6 29. Rxe6 Rf6 30. Bd4 Rxe6 31. fxe6 Bf6 32. Bxf6 Nxf6 33. Qf5 Re8 34. h4 d5 35. g5 hxg5 36. hxg5 Ne4 37. Qf7+ 1-0

[Event "AUT-chT 0607"]
[Site "Austria"]
[Date "2007.03.11"]
[Round "11.6"]
[White "Knoll, Hermann"]
[Black "Gaertner, Guntram"]
[Result "1-0"]
[WhiteElo "2409"]
[BlackElo "2300"]
[PlyCount "153"]
[EventDate "2006.11.03"]
[EventType "team"]
[EventRounds "11"]
[EventCountry "AUT"]
[SourceTitle "EXT 2008"]
[Source "ChessBase"]
[SourceDate "2007.11.25"]
[SourceVersion "1"]
[SourceVersionDate "2007.11.25"]
[SourceQuality "1"]
[WhiteTeam "Ansfelden"]
[BlackTeam "Hohenems"]
[WhiteTeamCountry "AUT"]
[BlackTeamCountry "AUT"]

1. d4 d5 2. c4 c6 3. Nf3 Nf6 4. Nc3 a6 5. e3 b5 6. b3 Bg4 7. h3 Bxf3 8. gxf3 e6 9. f4 g6 10. c5 Nh5 11. Bd3 f5 12. Bb2 Nd7 13. Qc2 Bg7 14. Ne2 Ndf6 15. f3 0-0 16. a3 Nd7 17. 0-0-0 Qc7 18. Kb1 Rae8 19. Rdg1 Kf7 20. Qd2 Ndf6 21. Bc2 Bh6 22. Nc1 Nd7 23. Nd3 Ra8 24. Ka2 Ke7 25. Qe1 Kd8 26. a4 Kc8 27. Bc3 Bg7 28. Qd2 Qb7 29. Ra1 Kd8 30. Rhe1 Ke7 31. Kb2 Kf7 32. Ra2 Ra7 33. Rea1 Rfa8 34. Ba5 Bf6 35. Qb4 bxa4 36. Rxa4 Qxb4 37. Bxb4 h6 38. Bc3 g5 39. fxg5 hxg5 40. Nb4 Nb8 41. Bd3 a5 42. Nc2 f4 43. e4 dxe4 44. fxe4 Nd7 45. e5 Bd8 46. Be4 Rc8 47. Bxa5 Be7 48. Be1 Rxa4 49. Rxa4 Ng3 50. Bg2 Nf5 51. b4 Rc7 52. Ra6 Nb8 53. Ra8 Rb7 54. Kc3 Bd8 55. Kc4 Bc7 56. Ra3 Ne7 57. Bf3 Nd7 58. h4 Kg6 59. Be4+ Kh5 60. hxg5 Kxg5 61. Rh3 Nd5 62. Rh1 f3 63. Rg1+ Kf4 64. Kd3 Nxe5+ 65. dxe5 Kxe5 66. Bxf3 Kf6 67. Bh4+ Kf7 68. Bxd5 exd5 69. Bg3 Bd8 70. Be5 Ke6 71. Bc3 Rh7 72. Rg6+ Kd7 73. Rd6+ Kc7 74. Nd4 Rh3+ 75. Kc2 Be7 76. Rxc6+ Kd7 77. Ra6 1-0

[Event "EU-Cup 22nd"]
[Site "Fuegen"]
[Date "2006.10.13"]
[Round "6.4"]
[White "Kosmo, Santul"]
[Black "Gaertner, Guntram"]
[Result "1/2-1/2"]
[WhiteElo "2280"]
[BlackElo "2331"]
[PlyCount "79"]
[EventDate "2006.10.08"]
[EventType "team-swiss"]
[EventRounds "7"]
[EventCountry "AUT"]
[SourceTitle "CBM 115"]
[Source "ChessBase"]
[SourceDate "2006.11.15"]
[SourceVersion "1"]
[SourceVersionDate "2006.11.15"]
[SourceQuality "1"]
[WhiteTeam "Joensuun"]
[BlackTeam "Hohenems"]
[WhiteTeamCountry "FIN"]
[BlackTeamCountry "AUT"]

1. e4 c6 2. d4 d5 3. exd5 cxd5 4. c4 e6 5. Nc3 Nf6 6. Nf3 Bb4 7. Bd3 dxc4 8. Bxc4 0-0 9. 0-0 b6 10. Qe2 Bb7 11. Rd1 Nbd7 12. Ne5 Bxc3 13. bxc3 Qc7 14. Nxd7 Qxd7 15. f3 Rac8 16. Bd2 Nd5 17. Rac1 Qc7 18. Bb3 Nf4 19. Qe3 Ng6 20. Be1 b5 21. Bc2 Bd5 22. Bb1 a6 23. Bg3 Qb6 24. Kh1 b4 25. h3 Rfd8 26. cxb4 Qxb4 27. Rxc8 Rxc8 28. Rc1 Qb7 29. Kh2 Rc6 30. Rxc6 Qxc6 31. Qa3 h5 32. Bd3 h4 33. Bd6 Bxa2 34. Bxa6 Bc4 35. Bxc4 Qxc4 36. Qc5 Qd5 37. Kg1 Qa8 38. Kh2 Qd5 39. Kg1 Qa8 40. Kh2 1/2-1/2

[Event "AUT-chT 0506"]
[Site "Austria"]
[Date "2006.03.25"]
[Round "10"]
[White "Gaertner, Guntram"]
[Black "Kranz, Armin"]
[Result "1-0"]
[WhiteElo "2352"]
[BlackElo "2182"]
[PlyCount "153"]
[EventDate "2005.11.18"]
[EventType "team"]
[EventRounds "11"]
[EventCountry "AUT"]
[SourceTitle "EXT 2007"]
[Source "ChessBase"]
[SourceDate "2006.11.23"]
[SourceVersion "1"]
[SourceVersionDate "2006.11.23"]
[SourceQuality "1"]
[WhiteTeam "Hohenems"]
[BlackTeam "Goetzis"]
[WhiteTeamCountry "AUT"]
[BlackTeamCountry "AUT"]

1. d4 Nf6 2. c4 e6 3. Nc3 Bb4 4. Nf3 c5 5. e3 Bxc3+ 6. bxc3 Nc6 7. Bd3 d6 8. 0-0 e5 9. d5 Ne7 10. e4 h6 11. Ne1 Ng6 12. g3 0-0 13. Ng2 Qd7 14. f3 Qh3 15. Qe2 Nh7 16. Ne3 Bd7 17. Bd2 Rae8 18. Qf2 Ng5 19. Kh1 Bc8 20. a4 Qd7 21. a5 Qd8 22. Bc2 Bh3 23. Rfb1 Bc8 24. Nf5 Qc7 25. Be3 Ne7 26. h4 Nxf5 27. exf5 Nh7 28. g4 f6 29. Kg2 Rf7 30. Kf1 Ref8 31. Ke2 Re8 32. Kd2 Ref8 33. Rh1 Bd7 34. Qh2 Re7 35. Be4 Qc8 36. Rag1 Qd8 37. Ra1 Qc8 38. Qh3 Rff7 39. Rhg1 Rf8 40. Qh2 Ree8 41. Rg2 Re7 42. Bc2 Rfe8 43. Rh1 Kh8 44. Qh3 b6 45. axb6 axb6 46. Ra1 b5 47. Rgg1 Qb7 48. Rgb1 Ra8 49. Rxa8+ Qxa8 50. Qf1 bxc4 51. Qxc4 Bc8 52. Rb6 Rd7 53. Ba4 Rd8 54. Qb3 Ba6 55. c4 Bxc4 56. Qxc4 Qa5+ 57. Ke2 Qxb6 58. Bc6 Rb8 59. Qa4 Nf8 60. Bd2 Kh7 61. g5 hxg5 62. hxg5 fxg5 63. Qg4 Qa6+ 64. Kf2 Rb1 65. Qh3+ Kg8 66. Be8 Qd3 67. Bxg5 e4 68. f6 Rb2+ 69. Kg3 Qxf3+ 70. Kh4 Qxh3+ 71. Kxh3 gxf6 72. Bxf6 Rd2 73. Bc6 Ng6 74. Kg4 Kf7 75. Bg5 Rg2+ 76. Kf5 Ne5 77. Bf4 1-0

[Event "AUT-chT 0506"]
[Site "Austria"]
[Date "2006.03.24"]
[Round "9"]
[White "Schweda, Roland"]
[Black "Gaertner, Guntram"]
[Result "1-0"]
[WhiteElo "2416"]
[BlackElo "2352"]
[PlyCount "121"]
[EventDate "2005.11.18"]
[EventType "team"]
[EventRounds "11"]
[EventCountry "AUT"]
[SourceTitle "EXT 2007"]
[Source "ChessBase"]
[SourceDate "2006.11.23"]
[SourceVersion "1"]
[SourceVersionDate "2006.11.23"]
[SourceQuality "1"]
[WhiteTeam "Wulkaprodersdorf"]
[BlackTeam "Hohenems"]
[WhiteTeamCountry "AUT"]
[BlackTeamCountry "AUT"]

1. d4 Nf6 2. c4 e6 3. Nc3 Bb4 4. e3 c5 5. Nge2 cxd4 6. exd4 d5 7. a3 Bxc3+ 8. Nxc3 dxc4 9. Bxc4 Nc6 10. Be3 0-0 11. 0-0 b6 12. Qf3 Bb7 13. Qg3 Ne7 14. Bd3 Ng6 15. Rad1 Nh5 16. Qh3 Qh4 17. Qxh4 Nxh4 18. d5 exd5 19. Be2 Nf6 20. Bg5 Ng6 21. Bxf6 gxf6 22. Bf3 Ne5 23. Bxd5 Bxd5 24. Nxd5 Kg7 25. b3 Rfd8 26. f4 Nc6 27. b4 Rac8 28. Kf2 Rd6 29. Ne3 Rdd8 30. Rxd8 Nxd8 31. Rd1 Ne6 32. Rd7 a5 33. Nf5+ Kf8 34. Rb7 axb4 35. axb4 Nxf4 36. Rxb6 Ne6 37. Rb7 Nd8 38. Rb6 Ne6 39. Ke3 Rc3+ 40. Kd2 Rc8 41. Rb7 Nd8 42. Nd6 Ra8 43. Rd7 Nc6 44. b5 Ne5 45. Rc7 Kg7 46. Kc3 Ra3+ 47. Kb4 Ra2 48. b6 Rb2+ 49. Ka5 Ra2+ 50. Kb5 Rb2+ 51. Ka6 Ra2+ 52. Kb7 Kg6 53. Rc3 Nd7 54. Rg3+ Kh5 55. Kc7 Nf8 56. b7 Ne6+ 57. Kd7 Nc5+ 58. Kc6 Na6 59. Rg8 Nb4+ 60. Kb5 Na6 61. Kb6 1-0

[Event "AUT-chT2W 0506"]
[Site "Austria"]
[Date "2006.01.20"]
[Round "6"]
[White "Gross, David2222"]
[Black "Gaertner, Guntram"]
[Result "1-0"]
[WhiteElo "2467"]
[BlackElo "2352"]
[PlyCount "117"]
[EventDate "2005.10.08"]
[EventType "team"]
[EventRounds "11"]
[EventCountry "AUT"]
[SourceTitle "EXT 2007"]
[Source "ChessBase"]
[SourceDate "2006.11.23"]
[SourceVersion "1"]
[SourceVersionDate "2006.11.23"]
[SourceQuality "1"]
[WhiteTeam "Zillertal"]
[BlackTeam "Hohenems II"]
[WhiteTeamCountry "AUT"]
[BlackTeamCountry "AUT"]

1. e4 c6 2. d4 d5 3. e5 Bf5 4. Nf3 e6 5. Be2 Nd7 6. 0-0 Ne7 7. Nh4 Bg6 8. Nd2 Nf5 9. Nxg6 hxg6 10. Nf3 Nh4 11. Ne1 Nf5 12. Nf3 Nh4 13. g3 Nxf3+ 14. Bxf3 Qb6 15. a4 a5 16. Be3 Be7 17. c4 Qd8 18. Qb3 Qb6 19. Qd1 Qd8 20. cxd5 cxd5 21. Qd3 Qb6 22. Rfc1 0-0 23. h4 Rfc8 24. Kg2 Rc6 25. h5 g5 26. Be2 Rac8 27. Qd2 Qd8 28. Bb5 Rxc1 29. Rxc1 Rxc1 30. Qxc1 Nb6 31. Bd2 Nc8 32. Bxa5 Qxa5 33. Qxc8+ Bf8 34. Be8 Qb4 35. Qd7 Qe7 36. Qb5 Qc5 37. Qd7 Qe7 38. Qb5 Qc5 39. Qd3 Qe7 40. Bb5 Qb4 41. b3 Be7 42. Qe3 Bd8 43. Qc1 Qe7 44. Qd2 Qc7 45. Qe3 Kf8 46. Qd3 Kg8 47. b4 Be7 48. Qd2 Qc8 49. Bd3 Kf8 50. a5 f5 51. b5 Qc7 52. b6 Qc6 53. Qb2 Qc8 54. a6 bxa6 55. b7 Qb8 56. Qb6 Kf7 57. Qc6 Bd8 58. Qd7+ Kf8 59. Qd6+ 1-0

[Event "AUT-chT 0506"]
[Site "Austria"]
[Date "2006.01.14"]
[Round "6"]
[White "Titz, Heimo"]
[Black "Gaertner, Guntram"]
[Result "1/2-1/2"]
[WhiteElo "2268"]
[BlackElo "2352"]
[PlyCount "144"]
[EventDate "2005.11.18"]
[EventType "team"]
[EventRounds "11"]
[EventCountry "AUT"]
[SourceTitle "EXT 2007"]
[Source "ChessBase"]
[SourceDate "2006.11.23"]
[SourceVersion "1"]
[SourceVersionDate "2006.11.23"]
[SourceQuality "1"]
[WhiteTeam "Klagenfurt"]
[BlackTeam "Hohenems"]
[WhiteTeamCountry "AUT"]
[BlackTeamCountry "AUT"]

1. c4 c6 2. Nf3 d5 3. e3 Nf6 4. Nc3 a6 5. b3 Bg4 6. Bb2 e6 7. Be2 Nbd7 8. h3 Bh5 9. cxd5 cxd5 10. 0-0 Bd6 11. Nd4 Bxe2 12. Qxe2 0-0 13. f4 Bc5 14. Nf3 Rc8 15. Rfc1 d4 16. Na4 dxe3 17. dxe3 Ba7 18. Rxc8 Qxc8 19. Rc1 Qb8 20. Ne5 b5 21. Nc6 Qb7 22. Nxa7 bxa4 23. Bd4 axb3 24. axb3 Ra8 25. Nc6 Qxb3 26. Ne5 Qb7 27. Qc2 Nxe5 28. Bxe5 Nd5 29. Bd4 Ne7 30. Rb1 Qc6 31. Qb2 Nf5 32. Qb8+ Qc8 33. Qxc8+ Rxc8 34. Ba7 h5 35. g4 hxg4 36. hxg4 Nd6 37. Rb6 Nb5 38. Rb7 Ra8 39. Bc5 Nc3 40. Rb3 Ne4 41. Bd4 Nd2 42. Ra3 Nf3+ 43. Kf2 Nxd4 44. exd4 a5 45. Ke3 a4 46. Kd3 g5 47. f5 exf5 48. gxf5 Kg7 49. Ke4 Kf6 50. d5 Re8+ 51. Kd4 Kxf5 52. Kc5 Rc8+ 53. Kd6 Ra8 54. Kc5 Ra5+ 55. Kc6 Ke5 56. Ra1 Ra6+ 57. Kc5 a3 58. Re1+ Kf4 59. d6 Ra8 60. d7 Rd8 61. Kc6 g4 62. Rf1+ Ke3 63. Rxf7 Ke2 64. Re7+ Kd2 65. Rh7 g3 66. Rh1 Ke2 67. Ra1 g2 68. Ra2+ Kf1 69. Rxa3 g1R 70. Ra1+ Kf2 71. Rxg1 Kxg1 72. Kc7 Rxd7+ 1/2-1/2

[Event "AUT-chT2W 0506"]
[Site "Austria"]
[Date "2005.12.04"]
[Round "5"]
[White "Gaertner, Guntram"]
[Black "Peterwagner, Heinz"]
[Result "1-0"]
[WhiteElo "2352"]
[BlackElo "2216"]
[PlyCount "107"]
[EventDate "2005.10.08"]
[EventType "team"]
[EventRounds "11"]
[EventCountry "AUT"]
[SourceTitle "EXT 2007"]
[Source "ChessBase"]
[SourceDate "2006.11.23"]
[SourceVersion "1"]
[SourceVersionDate "2006.11.23"]
[SourceQuality "1"]
[WhiteTeam "Hohenems II"]
[BlackTeam "Mozart"]
[WhiteTeamCountry "AUT"]
[BlackTeamCountry "AUT"]

1. d4 c5 2. c3 e6 3. Nf3 Nf6 4. Bg5 cxd4 5. cxd4 Be7 6. Nc3 0-0 7. e3 d6 8. Be2 a6 9. 0-0 b5 10. Rc1 Bb7 11. Nd2 Nbd7 12. Bf3 Qb6 13. d5 Ne5 14. dxe6 Nxf3+ 15. Nxf3 fxe6 16. Nd4 d5 17. Nf3 Bd6 18. Qd4 Bc5 19. Qh4 Bd6 20. Bf4 Bxf4 21. Qxf4 Ne4 22. Qe5 Nc5 23. Qd4 Rac8 24. Ne5 b4 25. Ne2 a5 26. Nd3 Ba6 27. Rxc5 Rxc5 28. Qxc5 Qxc5 29. Nxc5 Bxe2 30. Re1 Rc8 31. Nxe6 Rc2 32. Nd4 Rxb2 33. Nxe2 Rxa2 34. Nd4 a4 35. g4 a3 36. Rc1 Rb2 37. Rc8+ Kf7 38. Ra8 a2 39. Kg2 Kf6 40. Ra6+ Kf7 41. h4 g6 42. g5 Ke7 43. Nc6+ Kd7 44. Ne5+ Kc7 45. Nd3 Rb3 46. Nc1 Ra3 47. Rxa3 bxa3 48. Nxa2 Kd6 49. Kf3 Ke5 50. Ke2 d4 51. Kd3 dxe3 52. fxe3 Kf5 53. e4+ Kg4 54. e5 1-0

[Event "Champions Challenge 123rd"]
[Site "Playchess.com INT"]
[Date "2005.12.03"]
[Round "1.2"]
[White "Gaertner, Guntram"]
[Black "Zivanic, Marko"]
[Result "0-1"]
[WhiteElo "2305"]
[BlackElo "2451"]
[PlyCount "104"]
[EventDate "2005.12.03"]
[EventType "k.o. (blitz)"]
[EventRounds "5"]
[EventCountry "GER"]
[SourceTitle "EXT 2007"]
[Source "ChessBase"]
[SourceDate "2006.11.23"]
[SourceVersion "1"]
[SourceVersionDate "2006.11.23"]
[SourceQuality "1"]

1. e4 c5 2. Nf3 e6 3. d4 cxd4 4. Nxd4 a6 5. Bd3 Bc5 6. Nb3 Be7 7. 0-0 d6 8. c4 Qc7 9. Nc3 Nd7 10. Qe2 Ngf6 11. Bd2 b6 12. Rae1 Bb7 13. f4 h5 14. Nd4 0-0-0 15. b4 Kb8 16. a4 h4 17. b5 Nc5 18. bxa6 Bxa6 19. Ndb5 Qd7 20. a5 bxa5 21. Ra1 Qc6 22. Rxa5 Qb6 23. Kh1 Qxa5 24. Nd5 Qa2 25. Nxe7 Bb7 26. Bb1 Qb2 27. Nc3 h3 28. g3 Nb3 29. Rd1 Nxd2 30. Qxd2 Qxd2 31. Rxd2 Rhe8 32. Kg1 Rxe7 33. e5 Ne8 34. Rb2 Rc7 35. Be4 d5 36. cxd5 Rxc3 37. dxe6 Rc7 38. exf7 Rxf7 39. e6 Re7 40. f5 Kc8 41. Rc2+ Rc7 42. Bxb7+ Kxb7 43. Rb2+ Kc8 44. Kf2 Nf6 45. g4 Nxg4+ 46. Kg3 Nf6 47. Kxh3 Rd4 48. Re2 Rc3+ 49. Kg2 Rcd3 50. Kf1 Rd1+ 51. Re1 Rxe1+ 52. Kxe1 Rf4 0-1

[Event "Champions Challenge 123rd"]
[Site "Playchess.com INT"]
[Date "2005.12.03"]
[Round "1.1"]
[White "Zivanic, Marko"]
[Black "Gaertner, Guntram"]
[Result "1-0"]
[WhiteElo "2451"]
[BlackElo "2307"]
[PlyCount "101"]
[EventDate "2005.12.03"]
[EventType "k.o. (blitz)"]
[EventRounds "5"]
[EventCountry "GER"]
[SourceTitle "EXT 2007"]
[Source "ChessBase"]
[SourceDate "2006.11.23"]
[SourceVersion "1"]
[SourceVersionDate "2006.11.23"]
[SourceQuality "1"]

1. d4 Nf6 2. c4 g6 3. Nf3 Bg7 4. Nc3 d6 5. e4 0-0 6. Be2 e5 7. Be3 Ng4 8. Bg5 f6 9. Bh4 g5 10. Bg3 Nh6 11. d5 f5 12. exf5 Nxf5 13. Nd2 Qf6 14. Nde4 Qg6 15. Qd2 h6 16. f3 Nd4 17. 0-0 Bf5 18. Bd3 Nd7 19. Bf2 b6 20. Rad1 g4 21. fxg4 Qxg4 22. Be3 Kh8 23. Ng3 Bxd3 24. Qxd3 h5 25. Qe4 Nf6 26. Qxg4 Nxg4 27. Bd2 h4 28. Nge4 Kh7 29. Bg5 Rf5 30. h3 Nh6 31. Bxh4 Raf8 32. Rxf5 Nhxf5 33. Bg5 Bh6 34. Rf1 Kg6 35. Bxh6 Kxh6 36. g4 Rg8 37. Kh2 Ne3 38. Rf7 Nxc4 39. Rxc7 Nxb2 40. Rd7 b5 41. Rxd6+ Kg7 42. Rd7+ Kg6 43. d6 b4 44. Nd5 a5 45. Ne7+ Kf7 46. Nxg8+ Kxg8 47. Nf6+ Kf8 48. Ra7 a4 49. g5 Nc4 50. d7 Ne6 51. g6 1-0